000 00782cam a22002534a 4500
001 13244394
005 20180918035450.0
008 030619s2003 ne a b 000 0 eng
010 _a 2003056447
020 _a1402015054
040 _aDLC
_cDLC
_dDLC
041 _aeng
042 _apcc
043 _ae------
080 _a378.007 BEG
082 0 0 _a378.007 BEG
_221
100 _a25
101 _aEDU
245 0 4 _aThe dialogue between higher education research and practice :
_cedited by Roddy Begg.
504 _aIncludes bibliographical references.
906 _a7
_bcbc
_corignew
_d1
_eocip
_f20
_gy-gencatlg
942 _2ddc
_cBK
999 _c47874
_d47874